Journey through the human consciousness/ (Record no. 164344)

MARC details
000 -LEADER
fixed length control field 00566nam a2200181 4500
005 - DATE AND TIME OF LATEST TRANSACTION
control field 20190516132330.0
010 ## - LCCN (DPL NO)
LC control number ENG-125196
020 ## - INTERNATIONAL STANDARD BOOK NUMBER
Terms of availability 250.00
035 ## - SYSTEM CONTROL NUMBER
System control number EN-108728
037 ## - SOURCE OF ACQUISITION
Source of stock number/acquisition DBAD/PUB
082 ## - DEWEY DECIMAL CLASSIFICATION NUMBER
Classification number 153.15
100 ## - MAIN ENTRY--PERSONAL NAME
Personal name Narendra
245 ## - TITLE STATEMENT
Title Journey through the human consciousness/
Statement of responsibility, etc by Narendra
260 ## - PUBLICATION, DISTRIBUTION, ETC. (IMPRINT)
Place of publication, distribution, etc Banglore
Name of publisher, distributor, etc Infinity Publishers
Date of publication, distribution, etc 2010
270 ## - ADDRESS
Address No 941, 2nd Cross, Brindavan Layout, Kaval Byradandra
City R.T.Nagar, Banglore
Postal code 560032
Electronic mail address narenb7@gmail.com
300 ## - PHYSICAL DESCRIPTION
Extent 166p.
Dimensions 20cm(pbk)
942 ## - ADDED ENTRY ELEMENTS (KOHA)
Source of classification or shelving scheme Dewey Decimal Classification
Item type English Books
Classification part 153.15
Call number suffix NAR
Holdings
Withdrawn status Lost status Not for loan Collection code Home library Current library Date acquired Source of acquisition Cost, normal purchase price Full call number Barcode Copy number Cost, replacement price Koha item type
    Not For Loan Non-fiction D.B.Act.Division Central Library 16/05/2019 DBAD/PUB 250.00 153.15 NAR EN-108728 1 250.00 English Books

© Delhi Public Library
Hit Counter
free hit counter